DAVIDSON'S 100 CLINICAL CASES (Record no. 14964)

MARC details
000 -LEADER
fixed length control field 00350nam a22001577a 4500
003 - CONTROL NUMBER IDENTIFIER
control field SGT
020 ## - INTERNATIONAL STANDARD BOOK NUMBER
International Standard Book Number 978-0-7020-4460-1
082 ## - DEWEY DECIMAL CLASSIFICATION NUMBER
Classification number 616
Item number D13S
100 ## - MAIN ENTRY--PERSONAL NAME
Personal name STRACHAN,MARK.W.J.,ED.
245 ## - TITLE STATEMENT
Title DAVIDSON'S 100 CLINICAL CASES
250 ## - EDITION STATEMENT
Edition statement 2ND
260 ## - PUBLICATION, DISTRIBUTION, ETC. (IMPRINT)
Place of publication, distribution, etc NEW YORK
Name of publisher, distributor, etc ELSEVIER
Year of Publication 2013
300 ## - PAGE DESCRIPTION
No. of Pages 374
650 ## - SUBJECT ADDED ENTRY--TOPICAL TERM
Topical term or geographic name as entry element AYURVEDA
942 ## - ADDED ENTRY ELEMENTS (KOHA)
Source of classification or shelving scheme Dewey Decimal Classification
Koha item type Books
942 ## - ADDED ENTRY ELEMENTS (KOHA)
-- 37
Holdings
Withdrawn status Lost status Source of classification or shelving scheme Damaged status Not for loan Collection code Home library Current library Shelving location Date acquired Vendor Name Cost, normal purchase price SGTU Bill Number Total Checkouts Full call number Accession No. (Barcode) Date last seen Date last borrowed Bill Date Koha item type Total Renewals Checked out
    Dewey Decimal Classification     AYURVEDA SGT FA-FP Library SGT FA-FP Library Text Book 31/01/2018 AHUJA PUB 960.00 SGTU 9136 17 616 D13S FA8163 30/04/2026 09/04/2026 04/01/2018 Books    
    Dewey Decimal Classification     AYURVEDA SGT FA-FP Library SGT FA-FP Library Text Book 31/01/2018 AHUJA PUB 960.00 SGTU 9136 19 616 D13S FA8164 25/02/2026 11/02/2026 04/01/2018 Books 1  
    Dewey Decimal Classification     AYURVEDA SGT FA-FP Library SGT FA-FP Library Text Book 31/01/2018 AHUJA PUB 960.00 SGTU 9136 18 616 D13S FA8165 23/05/2026 23/05/2026 04/01/2018 Books   06/06/2026
    Dewey Decimal Classification     AYURVEDA SGT FA-FP Library SGT FA-FP Library Text Book 31/01/2018 AHUJA PUB 960.00 SGTU 9136 15 616 D13S FA8166 28/03/2026 10/03/2026 04/01/2018 Books    
    Dewey Decimal Classification     AYURVEDA SGT FA-FP Library SGT FA-FP Library Text Book 31/01/2018 AHUJA PUB 960.00 SGTU 9136   616 D13S FA8167 31/01/2018   04/01/2018 Books